00656 2200241 4500001002100000005001500021035002000036007000300056008003900059020001600098082001000114084001600124100001500140245005000155250001400205260003900219300003800258500001100296650005100307650001800358990002000376990001800396INLIS00000000000463120231025092456 a0010-1023000091ta231025 | | |  a979534285-1 a575.1 a575.1 TRE g0 aTrevor Day1 aGenetika :bJejak Sejarah Sains /cTrevor Day aCet. 2,-- aBandung. :bPT. Pakar Raya,c2009. a40 hlm. :bilus. ;c17,5 x 25 cm. aIndeks aPengalih bahasa, Ir. I Indriyati Wibisono, M.P aIr. Rudiyanto a12448/P/Bl/2016 a6997/P/S/2013